Αειφορική πολεοδομία : η αλληλεπίδραση μεταξύ δομημένου και φυσικού περιβάλλοντος : μεταπτυχιακή διατριβή

Αποθηκεύτηκε σε:
Λεπτομέρειες βιβλιογραφικής εγγραφής
Κύριος συγγραφέας: Νοϊτσάκης, Λεωνίδας
Συγγραφή απο Οργανισμό/Αρχή: Πανεπιστήμιο Αιγαίου Σχολή Κοινωνικών Επιστημών Τμήμα Κοινωνιολογίας Μεταπτυχιακό Πρόγραμμα Σπουδών Έρευνα Εφαρμοσμένη στην Ανάπτυξη Καινοτόμων Τοπικών και Περιφερειακών Πολιτικών και την Κοινωνική Συνοχή
Άλλοι συγγραφείς: Χάιντενραϊχ, Ελισάβετ (Εισηγητής διατριβής)
Μορφή: Thesis Βιβλίο
Γλώσσα:Greek
Δημοσίευση: Μυτιλήνη : Πανεπιστήμιο Αιγαίου, Σχολή Κοινωνικών Επιστημών, Τμήμα Κοινωνιολογίας, 2007
Θέματα:
Διαθέσιμο Online:http://hdl.handle.net/11610/11899
Ετικέτες: Προσθήκη ετικέτας
Δεν υπάρχουν, Καταχωρήστε ετικέτα πρώτοι!

MARC

LEADER 00000cam a2200000 i 4500
001 1/60164
008 071024s2007 gre d
035 |l 10091783 
040 |a GR-MY-UA  |b gre  |e aacr 
041 0 |a gre 
082 0 |a 711.4  |2 (22) 
100 1 |a Νοϊτσάκης, Λεωνίδας. 
245 1 0 |a Αειφορική πολεοδομία :  |b η αλληλεπίδραση μεταξύ δομημένου και φυσικού περιβάλλοντος : μεταπτυχιακή διατριβή /  |c Λεωνίδας Νοϊτσάκης ; επιβλέπουσα καθηγήτρια Ελισάβετ Χάιντεραϊχ 
260 |a Μυτιλήνη :   |b Πανεπιστήμιο Αιγαίου, Σχολή Κοινωνικών Επιστημών, Τμήμα Κοινωνιολογίας,   |c 2007 
300 |a 133 σ.;  |b διαγρ., σχ.;  |c 30 εκ. 
502 |a Διατριβή (μεταπτυχιακή) – Πανεπιστήμιο Αιγαίου, Λέσβος, 2007. 
504 |a Βιβλιογραφία: σ. 100-105 
650 0 0 |a City planning. 
650 0 0 |a City planning  |x Environmental aspects. 
650 0 0 |a City planning  |x History. 
650 0 0 |a Rural-urban relations. 
650 0 0 |a Sociology, Urban. 
650 0 0 |a Dissertations, Academic  |z Greece. 
700 1 |a Χάιντενραϊχ, Ελισάβετ.  |4 ths 
710 2 |a Πανεπιστήμιο Αιγαίου  |b Σχολή Κοινωνικών Επιστημών  |b Τμήμα Κοινωνιολογίας  |b Μεταπτυχιακό Πρόγραμμα Σπουδών Έρευνα Εφαρμοσμένη στην Ανάπτυξη Καινοτόμων Τοπικών και Περιφερειακών Πολιτικών και την Κοινωνική Συνοχή. 
852 |a INST  |b LESVOS  |c DIATR  |e 20071024  |h 37  |p 005100038935  |q 005100038935  |t MTXE  |y 23 
852 |a INST  |b LESVOS  |c DIATR  |e 20071024  |h 38  |p 005100038934  |q 005100038934  |t MTXE  |y 23 
856 |u http://hdl.handle.net/11610/11899 
901 |a BIBL1-2007-3 
909 |a Λ  |b 132926 
909 |a Λ  |b 132927 
924 |a ΝΟΪΤΣΑΚΗΣ  |b ΛΕΩΝΙΔΑΣ  |y ΛΕΣΒΟΣ  |z 2007-10 
970 |a ΒΑΡΚΑ  |b ΕΛΕΥΘΕΡΙΑ  |z 2007/10/24